New headway English course. Pre-Intermediate Class Cassette 2/ (Record no. 4626)
[ view plain ]
| 000 -LEADER | |
|---|---|
| fixed length control field | 00706nac a22001811u 4500 |
| 008 - FIXED-LENGTH DATA ELEMENTS--GENERAL INFORMATION | |
| fixed length control field | 100414t xxu||||| |||| 00| 0 eng d |
| 082 ## - DEWEY DECIMAL CLASSIFICATION NUMBER | |
| Classification number | 428.24 |
| Item number | SOA |
| 100 ## - MAIN ENTRY--PERSONAL NAME | |
| Personal name | Soars, John |
| 9 (RLIN) | 13816 |
| 245 ## - TITLE STATEMENT | |
| Title | New headway English course. Pre-Intermediate Class Cassette 2/ |
| Statement of responsibility, etc | John and Liz Soars |
| 246 ## - VARYING FORM OF TITLE | |
| Medium | Audio Cassette Class 2. |
| 260 ## - PUBLICATION, DISTRIBUTION, ETC. (IMPRINT) | |
| Place of publication, distribution, etc | Oxford: |
| Name of publisher, distributor, etc | Oxford University Press, 2000 |
| Date of publication, distribution, etc | c2000 |
| 300 ## - PHYSICAL DESCRIPTION | |
| Extent | 1 sound cassette : |
| Other physical details | mono. ; |
| Dimensions | 7 1/4 x 3 1/2 in. |
| 650 ## - SUBJECT ADDED ENTRY--TOPICAL TERM | |
| Topical term or geographic name as entry element | English language |
| General subdivision | Audio Cassette for foreign speakers and listener. |
| 9 (RLIN) | 13544 |
| Source of heading or term | BUEsh |
| 650 ## - SUBJECT ADDED ENTRY--TOPICAL TERM | |
| Topical term or geographic name as entry element | English language |
| General subdivision | Grammar -- Problems, exercises |
| 9 (RLIN) | 13545 |
| Source of heading or term | BUEsh |
| 651 ## - SUBJECT ADDED ENTRY--GEOGRAPHIC NAME | |
| Source of heading or term | BUEsh |
| 700 ## - ADDED ENTRY--PERSONAL NAME | |
| Personal name | Soars,Liz |
| 9 (RLIN) | 13546 |
| 942 ## - ADDED ENTRY ELEMENTS (KOHA) | |
| Item type | Cassette (NB) |
| Call number prefix | 428.24 SOA |
| Source of classification or shelving scheme | Dewey Decimal Classification |
| Withdrawn status | Item status | Source of classification or shelving scheme | Damaged status | Not for loan | Vendor | Home library | Current library | Shelving location | Date acquired | Source of acquisition | Total Checkouts | Total Renewals | Full call number | Barcode | Date last seen | Date last borrowed | Koha item type | Public note |
|---|---|---|---|---|---|---|---|---|---|---|---|---|---|---|---|---|---|---|
| Dewey Decimal Classification | Central Library | Central Library | Second Floor | 07/09/2012 | 2 | 2 | 428.24 SOA | 000005671 | 24/08/2022 | 29/09/2010 | Cassette (NB) | Class Cassette 2 | ||||||
| Dewey Decimal Classification | Central Library | Central Library | Second Floor | 14/04/2010 | 428.24 SOA | 000020620 | 24/08/2022 | Cassette (NB) | Class Cassette 2 |